Ways of Living Together Put to the Test in Reconstituted Families (notice n° 2040373)

détails MARC
000 -LEADER
fixed length control field 01305cam a2200217 4500500
005 - DATE AND TIME OF LATEST TRANSACTION
control field 20260405000737.0
041 ## - LANGUAGE CODE
Language code of text/sound track or separate title fre
042 ## - AUTHENTICATION CODE
Authentication code dc
100 10 - MAIN ENTRY--PERSONAL NAME
Personal name Le Gall, Didier
Relator term author
245 00 - TITLE STATEMENT
Title Ways of Living Together Put to the Test in Reconstituted Families
260 ## - PUBLICATION, DISTRIBUTION, ETC.
Date of publication, distribution, etc. 2005.<br/>
500 ## - GENERAL NOTE
General note 75
520 ## - SUMMARY, ETC.
Summary, etc. When two cohabiting partners separate, they face the problem of dividing up the furniture and domestic appliances. However, we do not readily consider that families recombining face a similar problem. Having two of the same thing (two stoves, two sofas, etc.) means making choices. How do the new partners manage this delicate problem, which is not strictly about who gets to keep what but rather the more difficult question of what should be kept. This paper focuses on the decisive moment, the blind spot of family recomposition, when the future is determined as much in terms of the uses of space as of conjugal and family integration.
690 ## - LOCAL SUBJECT ADDED ENTRY--TOPICAL TERM (OCLC, RLIN)
Topical term or geographic name as entry element domestic space
690 ## - LOCAL SUBJECT ADDED ENTRY--TOPICAL TERM (OCLC, RLIN)
Topical term or geographic name as entry element housing
690 ## - LOCAL SUBJECT ADDED ENTRY--TOPICAL TERM (OCLC, RLIN)
Topical term or geographic name as entry element intimacy
690 ## - LOCAL SUBJECT ADDED ENTRY--TOPICAL TERM (OCLC, RLIN)
Topical term or geographic name as entry element reconstituted family
690 ## - LOCAL SUBJECT ADDED ENTRY--TOPICAL TERM (OCLC, RLIN)
Topical term or geographic name as entry element setting up house
786 0# - DATA SOURCE ENTRY
Note Espaces et sociétés | o 120-121 | 2 | 2005-06-01 | p. 45-60 | 0014-0481
856 41 - ELECTRONIC LOCATION AND ACCESS
Uniform Resource Identifier <a href="https://shs.cairn.info/journal-espaces-et-societes-2005-2-page-45?lang=en&redirect-ssocas=7080">https://shs.cairn.info/journal-espaces-et-societes-2005-2-page-45?lang=en&redirect-ssocas=7080</a>

Pas d'exemplaire disponible.

PLUDOC

PLUDOC est la plateforme unique et centralisée de gestion des bibliothèques physiques et numériques de Guinée administré par le CEDUST. Elle est la plus grande base de données de ressources documentaires pour les Étudiants, Enseignants chercheurs et Chercheurs de Guinée.

Adresse

627 919 101/664 919 101

25 boulevard du commerce
Kaloum, Conakry, Guinée

Réseaux sociaux

Powered by Netsen Group @ 2025